000 00493cam a2200193ua 4500
001 5438
008 150225n ii |||gr||||Z||||||eng
040 _cMAIN
041 _aeng
082 _a820
100 _aTrevelyan, G. M.,
_eAuthor,
245 _aEnglish social history
_cby G. M. Trevelyan
250 _a1st.
260 _aHyderabad:
_bOrient longman,
_c1994.
300 _a628p:
_c18cm.
653 _aEnglish.& Old English literatures
653 _aEnglish social history
942 _cBK
999 _c4618
_d4618